| 000 | 01563nam a2200289Ia 4500 | ||
|---|---|---|---|
| 999 |
_c52340 _d52340 |
||
| 001 | 19358 | ||
| 003 | GE_BSU | ||
| 005 | 20250930194115.0 | ||
| 008 | 181216s2016||||ge |||||||||||||| ||geo|| | ||
| 020 | _a9789941462344 | ||
| 040 | _cGE_BSU | ||
| 041 | _ageo | ||
| 080 | _a81'44 თ-30 | ||
| 100 |
_aთანდაშვილი, მანანა. _92139 |
||
| 245 |
_aენის დიგიტალური დოკუმენტირება : _b(შესავალი დოკულინგვისტიკაში) / _cმანანა თანდაშვილი; რედაქტორები: რამაზ ხალვაში, მანანა უთურგაიძე. |
||
| 264 |
_aბათუმი. _bბათუმის შოთა რუსთაველის სახელმწ. უნ-ტი, _c2016. |
||
| 300 |
_a217 გვ.; _b26 სმ. |
||
| 504 | _aბიბლიოგრ.: გვ. 213-217 და ტექსტის შენიშვნებში. | ||
| 541 | _h13ლ,48თ. | ||
| 653 | _aსოციოლინგვისტიკა. | ||
| 653 | _a ქართული ენა | ||
| 653 | _aსოციოლინგვისტიკა | ||
| 653 | _a ენობრივი უმცირესობები საქართველოში. | ||
| 700 |
_aხალვაში, რამაზ _eრედაქტორი _925909 |
||
| 700 |
_aუთურგაიძე, მანანა _eრედაქტორი _925910 |
||
| 942 |
_cBK _2udc |
||